| 000 | 00642nam a2200241Ia 4500 | ||
|---|---|---|---|
| 003 | OSt | ||
| 005 | 20220918215219.0 | ||
| 006 | a|||||r|||| 00| 0 | ||
| 007 | ta | ||
| 008 | 220917b |||||||| |||| 00| 0 eng d | ||
| 024 | _a140,520 | ||
| 037 | _cTextual | ||
| 040 |
_aARTS _cARTS _beng |
||
| 041 |
_2eng _aeng |
||
| 082 | _aY:1.792.g1, K5 | ||
| 100 |
_aHerskovilts Melville J _9133594 |
||
| 245 | 0 | _aLife in a Haitian Valley | |
| 260 |
_aNew York _bOctagon _c1965 |
||
| 300 |
_axxviii,350p. _ccm. |
||
| 650 | _aSOCIOLOGY | ||
| 942 |
_hY:1.792.g1, K5 _cTEXL _2CC |
||
| 999 |
_c263496 _d263496 |
||